Limitaciones al poder constituyente de la Junta de Gobierno

Uloženo v:
Podrobná bibliografie
Hlavní autor: Rodríguez, Pedro Jesús (Autor)
Médium: Kniha
Jazyk:španělština
Vydáno: Santiago Corporación de Promoción Universitaria 1978
Edice:Documentos de Trabajo, 79
Témata:
Tagy: Přidat tag
Žádné tagy, Buďte první, kdo vytvoří štítek k tomuto záznamu!

MARC

LEADER 00000nam a2200000 a 4500
001 UCT6322
003 CL-VaPUC
008 970106e19780300CL |||||||||||||||||spa|d
082 0 4 |a 342.06  |b ROD  |2 21 
100 0 |a Rodríguez, Pedro Jesús  |e author  |9 376358 
245 1 0 |a Limitaciones al poder constituyente de la Junta de Gobierno 
300 |a 19 p 
942 |c BK 
945 |d 19970106 00:00:00  |a paguirre 
260 |a Santiago  |b Corporación de Promoción Universitaria  |c 1978 
650 0 |a Gobierno   |9 255508 
650 0 |a Poder ejecutivo  |9 255177 
650 0 |a Constituciones  |9 255417 
650 7 |a SISTEMAS POLITICOS  |2 CL-VaPUC  |9 376359 
650 0 |a Derecho constitucional   |9 222588 
651 7 |a CHILE  |2 CL-VaPUC  |9 376360 
583 |a last modification  |c 19970106 00:00:00  |k Rodrigo Vera 
490 0 |a Documentos de Trabajo, 79 
999 |c 255035  |d 255033 
952 |0 0  |1 0  |2 ddc  |4 0  |6 342_060000000000000_ROD_1978  |7 0  |8 A  |9 277075  |a BIBDER  |b BIBDER  |d 2019-11-19  |i 1801880  |o 342.06 ROD 1978  |p 1801880  |r 2023-01-25  |w 2019-11-19  |y MX  |k DER